Bases para una respuesta de América Latina a la crisis internacional /

Gardado en:
Detalles Bibliográficos
Autor Principal: Alzamora Traverso, Carlos
Outros autores: Iglesias, Enrique V.
Formato: Texto
Publicado: s.l.: CEPAL
Etiquetas: Engadir etiqueta
Sen Etiquetas, Sexa o primeiro en etiquetar este rexistro!

MARC

LEADER 00000 a a2200000 04500
001 25182
003
040
090 |a 182100  
100 |a Alzamora Traverso, Carlos  
245 |a Bases para una respuesta de América Latina a la crisis internacional /  |c Carlos Alzamora Traverso 
260 |a s.l.:   |b CEPAL  
300 |a 72 p.  
700 |a Iglesias, Enrique V.  
999 |c 15828  |d 15828